Films de Paul Thomas Anderson par images - Statistiques

Statistiques générales
  • Ce quiz a été pris 22 fois
  • Le résultat moyen est 5 sur 10
Statistiques - réponses
Par images Réponse % Correct
Une Bataille Après l'autre
95%
There Will Be Blood
77%
Magnolia
68%
Boogie Nights
55%
Licorice Pizza
45%
Phantom Thread
45%
Punch Drunk Love
41%
The Master
36%
Inherent Vice
32%
Hard Eight
27%
Aucun quiz correspondant
Distribution des résultats
% des personnes avec chaque résultat
Percentile par nombre de réponses
Votre historique - résultats
Vous n’avez pas pris ce quiz